Eltemették Purjesz Lajost
Elmentve itt :
| Dokumentumtípus: | Cikk |
|---|---|
| Megjelent: |
1925-01-09
|
| Sorozat: | Délmagyarország
6 No. 6 |
| Kulcsszavak: | Purjesz Lajos, Gyászhír Szeged 1925 |
| Online Access: | http://dmarchiv.bibl.u-szeged.hu/37466 |
| LEADER | 00418nab a2200145 i 4500 | ||
|---|---|---|---|
| 001 | delm37466 | ||
| 005 | 20180927112929.0 | ||
| 008 | 180927s1925 hu o 0|| hun d | ||
| 040 | |a SZTE Délmagyarország Archívum |b hun | ||
| 041 | |a hun | ||
| 245 | 0 | 0 | |a Eltemették Purjesz Lajost |h [elektronikus dokumentum] |
| 260 | |c 1925-01-09 | ||
| 300 | |a 4-5 | ||
| 490 | 0 | |a Délmagyarország |v 6 No. 6 | |
| 695 | |a Purjesz Lajos, Gyászhír Szeged 1925 | ||